Sociedad y medio ambiente
I tiakina i:
| Ngā kaituhi matua: | , |
|---|---|
| Hōputu: | Pukapuka |
| Reo: | Pāniora |
| I whakaputaina: |
Madrid
Trotta
2000
|
| Putanga: | 2a. ed |
| Rangatū: | Colección Estructuras y Procesos. Serie Medio Ambiente, 2
|
| Ngā marau: | |
| Ngā Tūtohu: |
Tāpirihia he Tūtohu
Kāore He Tūtohu, Me noho koe te mea tuatahi ki te tūtohu i tēnei pūkete!
|
MARC
| LEADER | 00000nam a2200000 a 4500 | ||
|---|---|---|---|
| 001 | UCM4404 | ||
| 003 | CL-VaPUC | ||
| 008 | 020823e20000000SP |||||||||||||||||spa|d | ||
| 082 | 0 | 4 | |a 333.7 |b BAL |2 21 |
| 100 | 0 | |a Ballesteros, Jesús |e author |9 470934 | |
| 700 | 0 | |a Pérez Adán, José |e author |9 470935 | |
| 245 | 1 | 0 | |a Sociedad y medio ambiente |
| 250 | |a 2a. ed | ||
| 300 | |a 398 p | ||
| 942 | |c BK | ||
| 945 | |d 20020823 00:00:00 |a vberengu | ||
| 260 | |a Madrid |b Trotta |c 2000 | ||
| 650 | 0 | |a Medio ambiente |9 257625 | |
| 650 | 0 | |a Gestión ambiental |9 338121 | |
| 650 | 7 | |a ETICA ECOLOGICA |2 CL-VaPUC |9 470936 | |
| 583 | |a last modification |c 20020823 00:00:00 |k Rodrigo Vera | ||
| 490 | 0 | |a Colección Estructuras y Procesos. Serie Medio Ambiente, 2 | |
| 999 | |c 301124 |d 301122 | ||
| 952 | |0 0 |1 0 |4 0 |6 333_700000000000000_BAL_2000 |7 0 |8 A |9 359846 |a BIBING |b BIBING |d 2019-11-21 |i 3839044 |o 333.7 BAL 2000 |p 3839044 |r 2025-01-20 |w 2019-11-21 |y BK |k CCL | ||